书目信息 |
| 题名: |
建筑识图与房屋构造
|
|
| 作者: | 陈翔 , 董素芹 , 李渐波 主编 | |
| 分册: | ||
| 出版信息: | 北京 北京理工大学出版社有限责任公司 2020.7 |
|
| 页数: | 285页 | |
| 开本: | 26cm | |
| 丛书名: | ||
| 单 册: | ||
| 中图分类: | TU204.21 , TU22 | |
| 科图分类: | ||
| 主题词: | 建筑制图--识图 , 房屋结构 | |
| 电子资源: | ||
| ISBN: | 978-7-5682-8804-0 | |
| 000 | 01075nam0 2200289 45 | |
| 001 | 012001000542 | |
| 005 | 20211013145010.11 | |
| 010 | @a978-7-5682-8804-0@dCNY72.00 | |
| 100 | @a20201225d2020 em y0chiy50 ea | |
| 101 | 0 | @achi |
| 102 | @aCN@b110000 | |
| 105 | @aa z 000yy | |
| 106 | @ar | |
| 200 | 1 | @a建筑识图与房屋构造@Ajian zhu shi tu yu fang wu gou zao@b专著@f陈翔,董素芹,李渐波主编 |
| 205 | @a3版 | |
| 210 | @a北京@c北京理工大学出版社有限责任公司@d2020.7 | |
| 215 | @a285页@c图@d26cm | |
| 330 | @a本书除绪论外共分为3篇13章,主要内容包括建筑工程制图基本知识与技能,投影基本原理,剖面图与断面图,建筑施工图,结构施工图,室内设备施工图,建筑构造概论,基础、墙体与变形缝构造,屋面、楼板和地坪构造,楼梯构造,门窗构造,建筑防水、防潮构造和单层工业厂房构造。 | |
| 606 | 0 | @a建筑制图@x识图 |
| 606 | 0 | @a房屋结构 |
| 690 | @aTU204.21@v5 | |
| 690 | @aTU22@v5 | |
| 701 | 0 | @a陈翔@Achen xiang@4主编 |
| 701 | 0 | @a董素芹@Adong su qin@4主编 |
| 701 | 0 | @a李渐波@Ali jian bo@4主编 |
| 801 | 0 | @aCN@bBJSDL@c20211011 |
| 905 | @b1335418-21@dTU204.21@e1931=3@f4 | |
| 建筑识图与房屋构造/陈翔,董素芹,李渐波主编.-3版.-北京:北京理工大学出版社有限责任公司,2020.7 |
| 285页:图;26cm |
| ISBN 978-7-5682-8804-0:CNY72.00 |
| 本书除绪论外共分为3篇13章,主要内容包括建筑工程制图基本知识与技能,投影基本原理,剖面图与断面图,建筑施工图,结构施工图,室内设备施工图,建筑构造概论,基础、墙体与变形缝构造,屋面、楼板和地坪构造,楼梯构造,门窗构造,建筑防水、防潮构造和单层工业厂房构造。 |
| ● |
| 相关链接 |
|
|
|
|
正题名:建筑识图与房屋构造
索取号:TU204.21/1931=3
 
预约/预借
| 序号 | 登录号 | 条形码 | 馆藏地/架位号 | 状态 | 备注 |
| 1 | 1335418 | 213354181 | 第二样本阅览室/ [索取号:TU204.21/1931=3] | 在馆 | |
| 2 | 1335419 | 213354190 | 第三借阅区/ [索取号:TU204.21/1931=3] | 在馆 | |
| 3 | 1335420 | 213354207 | 第三借阅区/ [索取号:TU204.21/1931=3] | 在馆 | |
| 4 | 1335421 | 213354216 | 第三借阅区/ [索取号:TU204.21/1931=3] | 在馆 |